Service charge operating report for offices (Record no. 114539)

MARC details
000 -LEADER
fixed length control field 01141cad a22002175a 4500
001 - CONTROL NUMBER
control field L157006
008 - FIXED-LENGTH DATA ELEMENTS--GENERAL INFORMATION
fixed length control field 110810s2012 xxk f 000 0 eng d
035 ## - SYSTEM CONTROL NUMBER
System control number (Sirsi) u157006
041 0# - LANGUAGE CODE
Language code of text/sound track or separate title eng
100 1# - MAIN ENTRY--PERSONAL NAME
Personal name Holt, Andrew
245 00 - TITLE STATEMENT
Title Service charge operating report for offices
Remainder of title SCOR for offices 2011/12
Medium [electronic resource]
260 ## - PUBLICATION, DISTRIBUTION, ETC.
Place of publication, distribution, etc. Bristol
Name of publisher, distributor, etc. Property Solutions (UK)
Place of publication, distribution, etc. London
Name of publisher, distributor, etc. Kingston University
Date of publication, distribution, etc. 2012
520 ## - SUMMARY, ETC.
Summary, etc. This latest research includes a detailed analysis of service charge cost for UK offices and an in-depth analysis of compliance of service charge documents set out in the RICS Code of Practice Service Charges in Commercial Property (2011). Emphasises the substantial difference between the costs of air-conditioned and non air-conditioned buildings.
590 ## - LOCAL NOTE (RLIN)
Local note KA NTK
651 #4 - SUBJECT ADDED ENTRY--GEOGRAPHIC NAME
Geographic name United Kingdom
Chronological subdivision
690 ## - LOCAL SUBJECT ADDED ENTRY--TOPICAL TERM (OCLC, RLIN)
Topical term or geographic name as entry element Commercial property
9 (RLIN) 6227
700 1# - ADDED ENTRY--PERSONAL NAME
Personal name Barrass, David
700 1# - ADDED ENTRY--PERSONAL NAME
Personal name Zatolokina, Anastasia
856 40 - ELECTRONIC LOCATION AND ACCESS
Uniform Resource Identifier <a href="https://www.property-solutions.co.uk/download/?download=(NEW)%20SCOR%20for%20Offices%202012.pdf">https://www.property-solutions.co.uk/download/?download=(NEW)%20SCOR%20for%20Offices%202012.pdf</a>
Public note View the report after free registration at www.property-solutions.co.uk
942 ## - ADDED ENTRY ELEMENTS (KOHA)
Suppress in OPAC 0
Holdings
Withdrawn status Lost status Source of classification or shelving scheme Damaged status Not for loan Home library Current library Shelving location Date acquired Total Checkouts Full call number Barcode Date last seen Copy number Price effective from Koha item type
    Dewey Decimal Classification     Virtual Virtual Online 10/08/2012   ONLINE PUBLICATION 157006-2001 06/08/2019 1 06/08/2019 Book